| 000 | 00665cam a2200229u 4500 | ||
|---|---|---|---|
| 001 | 9847412 | ||
| 003 | ARRUPE | ||
| 005 | 20131210134123.0 | ||
| 008 | 821101s1962 enk 000 0 eng | ||
| 010 | _a 62058263 | ||
| 040 |
_aDLC _cCarP _dDLC |
||
| 043 | _af------ | ||
| 050 | 0 | 0 |
_aSPC PN5123.H6 _bA3 1962 |
| 100 | 1 |
_aHopkinson, Tom, _d1905-1990. _95370 |
|
| 245 | 1 | 0 | _aIn the fiery continent. |
| 260 |
_aLondon, _bGollancz, _c1962. |
||
| 300 |
_a376 p. _c23 cm. |
||
| 630 | 0 | 0 |
_aDrum (Periodical) [from old catalog] _95371 |
| 651 | 0 |
_aAfrica _xDescription and travel. _95372 |
|
| 906 |
_a0 _bcbc _cpremunv _du _encip _f19 _gy-gencatlg |
||
| 942 |
_2lcc _cMONOGRAPH |
||
| 999 |
_c119148 _d119148 |
||